000125705 001__ 125705 000125705 005__ 20230420124106.0 000125705 037__ $$aTAZ-TFG-2022-320 000125705 041__ $$aspa 000125705 1001_ $$aTorres Villar, Miguel 000125705 24200 $$aIntangible assets and economic growth: an application 000125705 24500 $$aActivos intangibles y crecimiento económico: una aplicación 000125705 260__ $$aZaragoza$$bUniversidad de Zaragoza$$c2022 000125705 506__ $$aby-nc-sa$$bCreative Commons$$c3.0$$uhttp://creativecommons.org/licenses/by-nc-sa/3.0/ 000125705 520__ $$aEn la actualidad los intangibles son reconocidos como un factor crucial para el crecimiento económico. El conocimiento sobre los intangibles se ha ido desarrollando e investigando durante los años y a un mayor ritmo en los últimos tiempos gracias a la globalización de las nuevas tecnologías. En este trabajo fin de grado se recogen las diferentes formas de intangibles, sus aplicaciones para las empresas, la productividad y el crecimiento económico de un país.<br />El objetivo es tratar la situación de los intangibles en España y la manera en la que afecta al crecimiento económico, la competitividad y la productividad. Para el análisis empírico de la innovación en el país se estudia si un aumento en los niveles de innovación por parte de las empresas aumenta la productividad y, por tanto, se consigue ese crecimiento económico. Para el análisis se seleccionan dos empresas del sector farmacéutico con cuyos datos se determina la relación positiva y estrecha que se da entre productividad, crecimiento y activos intangibles. La conclusión es que si bien a nivel agregado no se cumple la relación entre intangibles y crecimiento de la productividad sí que es posible encontrarlo en empresas españolas.<br /><br /> 000125705 521__ $$aGraduado en Finanzas y Contabilidad 000125705 540__ $$aDerechos regulados por licencia Creative Commons 000125705 700__ $$aSanso Frago, Marcos$$edir. 000125705 7102_ $$aUniversidad de Zaragoza$$bAnálisis Económico$$cFundamentos del Análisis Económico 000125705 8560_ $$f701794@unizar.es 000125705 8564_ $$s1048237$$uhttps://zaguan.unizar.es/record/125705/files/TAZ-TFG-2022-320.pdf$$yMemoria (spa) 000125705 909CO $$ooai:zaguan.unizar.es:125705$$pdriver$$ptrabajos-fin-grado 000125705 950__ $$a 000125705 951__ $$adeposita:2023-04-20 000125705 980__ $$aTAZ$$bTFG$$cECON 000125705 999__ $$a20220211160243.CREATION_DATE